=LDR 00000nam 2200000 4500 =001 INLIS000000000032326 =005 20200603100431 =035 ##$$a 0010-061300000032326 =008 200603################g##########0#ind## =041 ##$$a ind =082 ##$$a 2X4.152 1 =090 ##$$a 2X4.152 1, Ros k =100 1#$$a Rosidin, Didin Nurul =245 1#$$a Kurban dan permasalahannya : $b Menyingkap tabir dibalik syariat kurban /$c Didin Nurul Rosidin ; Editor. M.Luqman A =260 ##$$a Jakarta :$b Inti Medina,$c 2009 =300 ##$$a x., 102 hlm., ; $c 14x21 cm =650 #4$$a Kurban - Islam =700 #$$a M.Luqman A =850 ##$$a NBPNMAT =020 ##$$a 978-979-072-005-3 =084 ##$$a 2X4.152 1 ROS k =250 ##$$a cet.1 =990 ##$$a 2101326 =990 ##$$a 2101325 =990 ##$$a 1201000706 =990 ##$$a 2101328 =990 ##$$a 2101326 =990 ##$$a 2101325 =990 ##$$a 07070707 =990 ##$$a 2101327 =990 ##$$a 2101326 =990 ##$$a 2101325 =990 ##$$a 2101328